Представление документа в формате MARC21

Поле Инд. ПП Название Значение
Тип записи a
Библиографический уровень m
001 Контрольный номер RU/IS/BASE/250794702
005 Дата корректировки 20211215095900.6
040 b Код языка каталог. rus
041 0_ a Код языка текста rus
080 a Индекс УДК 004(075.8)
084 a Индекс другой классификации/Индекс ББК 32.973я73
090 a Полочн. индекс 681.3
x Авторский знак Г39
097 b Оператор 12
100 1_ a Автор Геронимус Ю. В.
245 10 a Заглавие Вычислительные машины и программирование
b Продолж. заглавия пособие для студентов педагогических институтов
260 a Место издания М.
b Издательство Просвещение
c Дата издания 1969
300 a Объем 310 с.
510 0_ a Примечание о ссылках Книги и методические пособия
650 04 a Основная рубрика 50.07 Теоретические основы вычислительной техники
x Основная подрубрика 50.07.03 Теория и моделирование вычислительных сред, систем, комплексов и сетей
650 14 a Основная рубрика 50.05 Теоретические основы программирования
x Основная подрубрика 50.05.03 Общетеоретические вопросы программирования
650 14 x Основная подрубрика 50.01.33 Терминология. Справочная литература. Учебная литература
653 0_ a Ключевые слова вычислительные машины; программирование
901 t Тип документа m